000 02270nam a22002417a 4500
003 URS
005 20240511001034.0
008 240511b |||||||| |||| 00| 0 eng d
050 0 0 _aLG 221.R59.L5621
_b2019
100 1 _aLerio, Keren Kate T.
_eResearcher
245 1 0 _aLevi's Hog Fattening Project/
_cKeren Kate T. Lerio [and] Nicasio A. Vipinosa III
260 _c2019
300 _axii, 100 leaves
_billustrations,
_c28 cm
336 _2rdacontent
_amedia
337 _2rdamedia
_aunmediated
338 _2rdacarrier
_avolume
502 _aProject Development Report
_bBachelor of Agricultural Technology
_cUniversity of Rizal System, Rodriguez, Rizal
_d2019
520 _aThe Project Development Report entitled Levi's Hog Fattening Project. The "Levi" was derived from the name of the proponents to easily recognize the owner of the project. The project was conducted in one cycle operation, which was started on August 27, 2018 and was terminated on December 23, 2018. The operation was managed by the proponents namely Keren Kate T Lerio and Nicasio A. Vipinosa III. It was implemented at Mt Pinatubo Amityville, San Jose Rodriguez, Rizal. The site had an existing pigpen, electricity, and water supply. The area of the pen was six square meter (6.0m²) with a dimension of three meters (3m) by two meters (2m). The space requirement of point seventy- five square meters (0.75m²) per head for hog made the area suited for the project. Supplies like feeds and vitamins, medicines cleaning materials such as dustpan, broomstick, chlorine, detergents and other materials used for the implementation of the project were canvassed and purchased at Montalban Poultry Supply and San Jose Public Market. A week before transferring the stocks to the pen the proponents did the cleaning and disinfection of the pigpen. The canvassing, selection and purchasing of stocks was done at Relocation, Amityville San Jose Rodriguez, Rizal. The proponents purchased the stocks on September 7, 2018. The stocks were composed of eight (😎 heads crossbred of Landrace and Duroc. The cost per head of hog was two thousand
650 _2fats and project
700 _aNicasio A. Vipinosa III
_eResearcher
700 _aSherwin C. Cababat
_eAdviser
942 _2lcc
_cT
999 _c79888
_d79887